000
00307nam a22001337a 4500
008
190205b xxu||||| |||| 00| 0 eng d
020
_a
0395306221
041
_a
eng
080
_a
321
100
_a
19
101
_a
SHP
245
_a
Public Expenditure and Policy Analysis
_c
Haveman, R.H
942
_2
udc
_c
BK
999
_c
54011
_d
54011